• 首页
  • 本馆介绍
  • 公告通知
  • 最新文献
  • 馆藏检索
  • 电子资源
  • 读者导购
  • 参考咨询
  • 我的图书馆
  • 登录
  • 详细信息显示
  • 放入我的书架
  • 预约/预借图书
  • 作者相关作品
  • 分类相关作品
  • 丛书相关作品
  • 出版社相关作品

书目信息

  • 表格格式
  • 工作单格式
  • 卡片格式
题名:
NHK中级日语
    
 
作者: ;张生林 编译 ;对外日语教育振兴会 , 日语磁带编辑委员会 编
分册:  
出版信息: 北京   北京出版社  1985
页数: 491页
开本: 20cm
丛书名:
单 册:
中图分类: H36
科图分类:
主题词: 日语--教材
电子资源:
ISBN:
000 00813nam0 2200265 45
001 0185013946
005 20040510150320.6
010    @dCNY3.05
091    @a7071.1022
100    @a19951024d1985 em y0chiy0121 ea
101 1  @achi@cjpn
102    @aCN@b110000
105    @ay z 000yy
106    @ar
200 10 @aNHK中级日语@ANHK zhong ji ri yu@f对外日语教育振兴会,日语磁带编辑委员会编@g张生林等编译
210    @a北京@c北京出版社@d1985
215    @a491页@d20cm
606    @a日语@x教材
690    @aH36@v3
702  0 @a张生林@4编译@Azhang sheng lin
711 02 @a对外日语教育振兴会@4编@Adui wai ri yu jiao yu zhen xing hui
711 02 @a日语磁带编辑委员会@4编@Ari yu ci dai bian ji wei yuan hui
801  0 @aCN@b深圳图书馆@c20040510
801  2 @aCN@bNLC@c20040510
905    @f2@b152626-627@dH36@e114
    
    NHK中级日语/对外日语教育振兴会,日语磁带编辑委员会编/张生林等编译.-北京:北京出版社,1985
    491页;20cm
    
    
    ISBN :CNY3.05
    
●
相关链接 在E读中查询图书 在五车中查询图书 在当当中查询图书 在豆瓣中查询图书


正题名:NHK中级日语     索取号:H36/114         预约/预借

序号 登录号 条形码 馆藏地/架位号 状态 备注
1 0152626   001056635   第四借阅区/ [索取号:H36/114] 在馆    
2 0152627   001056617   第四借阅区/ [索取号:H36/114] 在馆    
3 0152628   001056626   第二样本阅览室/ [索取号:H36/114] 在馆    
唐山师范学院图书馆 欢迎您!
大连网信软件有限公司© 版权所有